000 00628nam a22002177a 4500
003 UA-OsUOA
001 122903
007 ta
008 20170524b un ||||| |||| 00| 0 ukr d
100 _aБондаренко Ю.
090 _a82
_bБ81
942 _cSA
040 _aUA-OsUOA
_bukr
_cUA-OsUOA
_dUA-OsUOA
245 _aМетоди бесіди: загальнодидактична та методико-літературна специфіка
300 _aС.6-11
955 _a0
041 _aukr
080 _a82
773 0 _w122902
650 7 _a82 Література. Літературознавство
_2UDC
999 _c409583
_d409583